52 приказки от цял свят (Запис номер 491347)
[ съкратено ]
| 000 -Лидер | |
|---|---|
| Контролно поле с фиксирана дължина | 01401nam a2200361 c 4500 |
| 003 - Код на организацията, давaща контролен номер | |
| Контролно поле | BLK |
| 005 - Дата и час на последна редакция | |
| Контролно поле | 20230510141743.0 |
| 008 - Елементи от данни с фиксирана дължина | |
| fixed length control field | 180409b bul|||||r ||||||| ||bul|| |
| 020 ## - Международен стандартен номер на книга ISBN | |
| Международен стандартен номер на книга ISBN | 9786192404741 |
| 040 ## - Източник на каталожния запис | |
| Идентификатор на билиотеката - собственик на записа | BLK |
| 041 ## - Код за език | |
| Код за езика на текст/звукозапис или на отделно заглавие | Български |
| Код за езика КДБФ | Български |
| 080 ## - УДК | |
| Текстов определител УДК | Литература на отделни езици и езикови семейства |
| УДК код - определител по УДК | 821 |
| УДК определител | -93-34 |
| УДК - код + определител | 821-93-34 |
| 245 10 - Сведения за заглавието | |
| Заглавие | 52 приказки от цял свят |
| Подзаглавни данни | с любими приказни герои |
| Редно поле (дума) | състав., лит. обраб. Любомир Русанов ; ил. Лилия Тодорова и др. |
| 260 ## - Област на издателските данни | |
| Име на издателя, разпространителя и проч. | ПАН |
| Година на издаване | 2021 |
| Място на издаване, разпространение и проч. | София |
| 300 ## - Физическа характеристика | |
| Страници | 112 с. |
| Илюстрации и др. | с ил. |
| Размери/Мащаб | 31 см |
| 380 ## - Жанр | |
| Жанр | Детска худож. лит. |
| 490 ## - СЕРИИ (Колекции) | |
| 9 (RLIN) | 201817 |
| Име на серия | Царството на приказките |
| 500 ## - Общи забележки | |
| Забележка | Други ил.: Анастасия Атанасова, Николинка Димитрова, Таня Колева, Красимир Ризов, Магдалена Добрева, Стелияна Донева<br/>Възприетата форма на името на ил. Николинка Димитрова е Ники Георгиева Вукадинова, с пълно име - Николинка Георгиева Вукадинова |
| 700 ## - Други автори (авторска отговорност) | |
| Лично име | Русанов, Любомир Кирилов |
| Автороска отговорност (Описва отношението между автора и произведението) | състав. и лит. обраб. |
| 9 (RLIN) | 662 |
| 700 ## - Други автори (авторска отговорност) | |
| Лично име | Тодорова, Лилия Антонова |
| Автороска отговорност (Описва отношението между автора и произведението) | ил. |
| 9 (RLIN) | 384168 |
| 852 ## - Местоположение | |
| Форматна сигнатура | Цб ІІ 31849 |
| 856 4# - Електронен адрес и достъп | |
| Електронен формат | pdf - файл |
| Инструкция (цена за достъп) | 0.00 |
| Права за достъп | disable |
| 856 4# - Електронен адрес и достъп | |
| Електронен формат | pdf - файл |
| Инструкция (цена за достъп) | 0.00 |
| Права за достъп | disable |
| 999 ## - СИСТЕМНИ КОНТРОЛНИ НОМЕРА | |
| Koha biblionumber | 491347 |
| Koha biblioitemnumber | 491347 |
| 942 ## - АРТИКУЛИ | |
| Вид на библиотечния материал | Книги |
| Скрит в OPAC | Не |
| Koha issues (borrowed), all copies | 18 |
| Периодичен библиозапис | Да |
| 944 ## - СЪЗДАВАНЕ И РЕДАКЦИЯ на ЗАПИСА | |
| Създаване/Редакция | Създаване |
| Дата на регистрацията/редакция | 2023-05-10 |
| Служител, извършил регистрацията/редакцията | нр |
| Код за отписване | Код за изгубен артикул | Източник на класификационната схема | Код за повреда | Коз за рестрикции | Код за отдаване | Артикулен № | Име на библиотеката - собственик | Име на библиотеката, в която се намира в момента | Статус (Текущо местоположение) | Дата на вписване в системата | Местоположение - отдел | Цена в лева | Инвентарен номер | Систематично азбучна сигнатура | Баркод | Цена в евро | Служебен тип на артикула |
|---|---|---|---|---|---|---|---|---|---|---|---|---|---|---|---|---|---|
| Не е изгубен | Universal Decimal Classification | Не е повреден | само за читалня | ползва се в читалня | 928390 | Регионална библиотека "Любен Каравелов" Русе | Регионална библиотека "Любен Каравелов" Русе | Хранилище | 2023-05-11 | Хранилище | 23.90 | 120000887572 | Цб ІІ 31849 | 120000887572 | 12.22 | Книги |